| 000 | 00523nam a2200181 i 4500 | ||
|---|---|---|---|
| 001 | 38897 | ||
| 003 | ES-MaACL | ||
| 005 | 20230906155838.0 | ||
| 007 | t| | ||
| 008 | 030226s1968 sp ||||1| spa d | ||
| 100 | 1 |
_aCamba, Julio, _d1882-1962 _934020 |
|
| 245 | 1 | 0 |
_aHaciendo república / _cJulio Camba. |
| 260 |
_aMadrid : _bPlus Ultra, _c[1968] |
||
| 300 |
_a221 p. ; _c18 cm. |
||
| 651 | 4 |
_aEspaña- _xHistoria- _y1931-1939, II República. _98283 |
|
| 852 |
_aES-MaACL _jC-37082 _bR.66762 |
||
| 999 |
_c38897 _d38897 |
||